Modelo para el análisis de prefactibilidad de un relleno sanitario manual en el cantón de Puriscal

Guardado en:
Bibliografiske detaljer
Hovedforfatter: Cordero Bolaños, Francisco
Andre forfattere: Soto Campos, Geoffrey
Format: Bog
Udgivet: San José, Costa Rica 1994
Fag:
Tags: Tilføj Tag
Ingen Tags, Vær først til at tagge denne postø!

MARC

LEADER 00000nam a2200000Ia 4500
003 007618
005 20221231144256.0
008 140114s1994 cr a m 000 ||s d
040 |c cru CEDI 
090 |a TFG 3242 
100 |a Cordero Bolaños, Francisco  |9 10886 
245 |a Modelo para el análisis de prefactibilidad de un relleno sanitario manual en el cantón de Puriscal  
260 |c 1994  |a San José, Costa Rica 
300 |a  [175] hojas : ilustraciones (algunas a color).  
500 |a  Proyecto de graduación (licenciatura en ingeniería civil)--Universidad de Costa Rica. Facultad de Ingeniería. Escuela de Ingeniería Civil 
650 |x APROVECHAMIENTO DE RESIDUOS   |x RELLENOS SANITARIOS  |9 10888 
700 |9 10887  |a Soto Campos, Geoffrey 
942 |c TFG 
999 |c 19452  |d 19452